[Event "Christmas special"]
[Site "SchemingMind.com"]
[Date "2017.12.17"]
[Round "-"]
[White "Wojtek26"]
[Black "Phillip Beckett"]
[Result "1/2-1/2"]
[WhiteCountry "POL"]
[BlackCountry "ENG"]
[WhiteElo "1457"]
[WhiteRD "52"]
[BlackElo "1564"]
[BlackRD "49"]
[GameID "422025"]

1. d4 d5 2. c4 e6 3. e3 Nf6 4. Nf3 Be7 5. Be2 dxc4 6. Bxc4 Nbd7 7. O-O O-O 8. Nc3 c5 9. b3 cxd4 10. Nxd4 Nb6
11. Be2 Nbd5 12. Nxd5 Nxd5 13. Bb2 Bf6 14. Qd2 Bd7 15. Rac1 Rc8 16. h3 Qb6 17. Bf3 Rxc1 18. Rxc1 Rc8 19. Rxc8+ Bxc8 20. Ne2 Bxb2
21. Qxb2 Nf6 22. Nd4 Bd7 23. Nc2 Bc6 24. Bxc6 Qxc6 25. Nd4 Qc8 26. Qc2 Qxc2 27. Nxc2 Kf8 28. f3 Nd5 29. e4 Nc3 30. a4 b5
31. axb5 Nxb5 32. Kf2 Ke7 33. Ke3 Kd6 34. Nd4 Nxd4 35. Kxd4 e5+ 36. Kc4 Kc6 37. Kb4 Kb6 38. Kc4 a5 39. g3 Kc6 40. f4 f6
41. fxe5 fxe5 42. g4 g5 43. Kd3 Kc5 44. Kc3 h6 45. Kd3 Kb4 46. Kc2 Kc5 47. Kc3=
1/2-1/2

[Event "Christmas special"]
[Site "SchemingMind.com"]
[Date "2017.12.21"]
[Round "-"]
[White "Phillip Beckett"]
[Black "Scooter"]
[Result "0-1"]
[WhiteCountry "ENG"]
[BlackCountry "USA"]
[WhiteElo "1583"]
[WhiteRD "53"]
[BlackElo "1685"]
[BlackRD "55"]
[GameID "422219"]

1. d4 Nf6 2. c4 g6 3. Nc3 Bg7 4. e4 d6 5. f3 e5 6. d5 O-O 7. Be3 c6 8. h4 cxd5 9. cxd5 a6 10. Qd2 b5
11. O-O-O Qc7 12. Kb1 Bb7 13. g4 Nbd7 14. h5 Bh8 15. hxg6 fxg6 16. Bh6 Rf7 17. Nh3 Nf8 18. Ng5 Re7 19. Bxf8 Rxf8 20. Ne6 Rxe6
21. dxe6 Rd8 22. Nd5 Bxd5 23. exd5 Qb7 24. g5 Nh5 25. Bh3 Nf4 26. Bg4 Rc8 27. Rh6 Bg7 28. Rh2 Rc5 29. Rdh1 Qxd5 30. Qxd5 Nxd5
31. Rxh7 Rc7 32. R7h2 Nf4 33. Rc2 Re7 34. Rc8+ Bf8 35. Rhc1 Nxe6 36. Ra8 Nxg5 37. Rcc8 Rf7 38. Rxa6 Rf6 39. Rd8 Nxf3 40. Bxf3 Rxf3
41. Raxd6 Kg7 42. Rb6 b4 43. Rb7+ Kg8 44. Rxb4 g5 45. Rg4 Kf7 46. Rd7+ Ke6 47. Ra7 Kf5 48. Rga4 Bc5 49. R7a5 Be3 50. Rc4 g4
51. Ra3 g3 52. Rcc3 g2 53. Rc1 Bxc1 54. Rxf3+ Kg4 55. Rf8 g1=Q 56. Rg8+ Bg5+
0-1

[Event "Christmas special"]
[Site "SchemingMind.com"]
[Date "2017.12.26"]
[Round "-"]
[White "Wojtek26"]
[Black "Scooter"]
[Result "0-1"]
[WhiteCountry "POL"]
[BlackCountry "USA"]
[WhiteElo "1457"]
[WhiteRD "52"]
[BlackElo "1671"]
[BlackRD "51"]
[GameID "422220"]

1. d4 Nf6 2. c4 g6 3. e3 Bg7 4. Nf3 d6 5. Be2 O-O 6. O-O Bg4 7. h3 Bxf3 8. Bxf3 c6 9. a3 Nbd7 10. Nd2 e5
11. Ne4 Nxe4 12. Bxe4 Nf6 13. Bc2 e4 14. b3 d5 15. c5 Re8 16. b4 Nd7 17. f3 exf3 18. Qxf3 Re7 19. Bb2 f5 20. Rae1 Nf6
21. Bc3 Ne4 22. Bxe4 Rxe4 23. Qg3= Qe7 24. Rf4 Bh6 25. Rxf5 Rxe3 26. Rxe3 Bxe3+ 27. Kf1 Rf8 28. Rxf8+ Qxf8+ 29. Ke2 Qe8 30. Kd3 Qe4+
0-1

[Event "Christmas special"]
[Site "SchemingMind.com"]
[Date "2017.12.21"]
[Round "-"]
[White "Phillip Beckett"]
[Black "Kenny Elliott"]
[Result "1-0"]
[WhiteCountry "ENG"]
[BlackCountry "USA"]
[WhiteElo "1564"]
[WhiteRD "49"]
[BlackElo "1562"]
[BlackRD "67"]
[GameID "422237"]

1. d4 Nf6 2. c4 g6 3. Nc3 Bg7 4. e4 d6 5. f3 Nc6 6. Be3 O-O 7. Qd2 b6 8. O-O-O Bb7 9. h4 h5 10. d5 Ne5
11. Bh6 c6 12. Bxg7 Kxg7 13. Nh3 Qc7 14. Bd3 cxd5 15. cxd5 Rac8 16. Bc2 Ba6 17. Kb1 Nc4 18. Qg5 Qc5 19. Nf4 Na3+ 20. Kc1 Qe3+
21. Rd2 Nxc2 22. Kxc2 Rc7 23. Nxh5+ Nxh5 24. Qxe3 Rfc8 25. g4 Ng3 26. Rh3 Nf1 27. Qg5 Nxd2 28. Kxd2 Kf8 29. h5 Ke8 30. hxg6 fxg6
31. Rh8+ Kd7 32. Rxc8 Rxc8 33. Qxg6 Rc7 34. Qe6+ Kd8 35. g5
1-0

[Event "Christmas special"]
[Site "SchemingMind.com"]
[Date "2017.12.21"]
[Round "-"]
[White "Scooter"]
[Black "Kenny Elliott"]
[Result "1-0"]
[WhiteCountry "USA"]
[BlackCountry "USA"]
[WhiteElo "1671"]
[WhiteRD "51"]
[BlackElo "1562"]
[BlackRD "67"]
[GameID "422238"]

1. d4 d5 2. Nf3 Bg4 3. e3 Nf6 4. Be2 e6 5. O-O Bd6 6. Nbd2 O-O 7. h3 Bh5 8. c4 c5 9. dxc5 Bxc5 10. cxd5 Qxd5
11. Bc4 Qd6 12. Qb3 b6 13. Qc2 Bg6 14. Qd1 Nc6 15. a3 Rad8 16. b4 Bxb4 17. axb4 Qxb4 18. Ba3 Qxc4 19. Bxf8 Qd5 20. Ba3 Qd7
21. Qc1 Rc8 22. Qb2 Qb7 23. Rac1 a5 24. Nc4 Qa7 25. Nxb6 Rc7 26. Bc5 Qb8 27. Bd6 Nb4 28. Bxc7 Qb7 29. Bd6 h6 30. Bxb4 Qxb6
31. Ba3 Qd8 32. Ne5 Bf5 33. Nc6
1-0

[Event "Christmas special"]
[Site "SchemingMind.com"]
[Date "2017.12.25"]
[Round "-"]
[White "Kenny Elliott"]
[Black "Wojtek26"]
[Result "1/2-1/2"]
[WhiteCountry "USA"]
[BlackCountry "POL"]
[WhiteElo "1510"]
[WhiteRD "67"]
[BlackElo "1426"]
[BlackRD "54"]
[GameID "422239"]

1. d4 d5 2. c4 e6 3. Nf3 Nf6 4. Nc3 Be7 5. cxd5 Nxd5 6. e4 Nxc3 7. bxc3 O-O 8. Bc4 c5 9. O-O cxd4 10. cxd4 Qc7
11. Qd3 Rd8 12. Be3 Nc6 13. Qb3 Na5 14. Qd3 Nxc4 15. Rac1 b5 16. Nd2 Bd6 17. Nxc4 bxc4 18. Rxc4 Qe7 19. Rc2 e5 20. d5 a5
21. Rfc1 Ba6 22. Qd1 Bb5 23. Qf3 Ba4 24. Rc4 Bb5 25. R4c3 Qd7 26. Bb6 Rdc8 27. Rxc8+ Rxc8 28. Qe3 Rxc1+ 29. Qxc1 a4 30. Bc5 Bxc5
31. Qxc5 h6 32. d6 f6 33. f3 Kf7 34. Qd5+ Kg6 35. Kf2 Qa7+ 36. Kg3 Qd7 37. Kf2 Qa7+=
1/2-1/2

[Event "Christmas special"]
[Site "SchemingMind.com"]
[Date "2017.12.29"]
[Round "-"]
[White "Kenny Elliott"]
[Black "ray winteringham"]
[Result "0-1"]
[WhiteCountry "USA"]
[BlackCountry "ENG"]
[WhiteElo "1562"]
[WhiteRD "67"]
[BlackElo "1481"]
[BlackRD "50"]
[GameID "422562"]

1. d4 d5 2. c4 e6 3. Nc3 Bb4 4. Bd2 Bxc3 5. Bxc3 Nf6 6. e3 O-O 7. Nf3 h6 8. Ne5 Nbd7 9. Nxd7 Qxd7 10. cxd5 Qxd5
11. Qe2 b6 12. Qc4 Bb7 13. f3 a6 14. O-O-O Rfc8 15. Qxd5 Nxd5 16. Rd3 c5 17. Kb1 c4 18. Rd2 Nxe3 19. Re2 Nd5 20. Re5 b5
21. a3 Nxc3+ 22. bxc3 Re8 23. Re3 Bd5 24. g3 Rab8 25. Be2 Re7 26. Kc2 Rbe8 27. Re5 g6 28. Rg1 f6 29. Re3 e5 30. dxe5 Rxe5
31. Rxe5 Rxe5 32. Kd2 g5 33. f4 Re7 34. Re1 Kf8 35. fxg5 fxg5 36. Rf1+ Rf7 37. Rd1 Rd7 38. Kc2 Be4+ 39. Kc1 Rxd1+ 40. Kxd1 Ke7
41. Kd2 Kd6 42. Ke3 Ke5 43. Bg4 a5 44. Bd7 b4 45. axb4 axb4 46. cxb4 c3 47. Ke2 Kd4 48. b5 Bd3+ 49. Kd1 Kc5 50. Kc1 Bxb5
51. Bxb5 Kxb5 52. Kc2 Kc4 53. h3 h5 54. h4 g4 55. Kc1 Kd3 56. Kd1 Ke3 57. Kc2 Kf3 58. Kxc3 Kxg3
0-1

[Event "Christmas special"]
[Site "SchemingMind.com"]
[Date "2017.12.29"]
[Round "-"]
[White "ray winteringham"]
[Black "Phillip Beckett"]
[Result "1/2-1/2"]
[WhiteCountry "ENG"]
[BlackCountry "ENG"]
[WhiteElo "1481"]
[WhiteRD "50"]
[BlackElo "1564"]
[BlackRD "49"]
[GameID "422563"]

1. e4 e5 2. Nf3 Nc6 3. Bb5 a6 4. Bxc6 dxc6 5. d3 Qd6 6. Be3 f6 7. Nc3 Bg4 8. h3 Be6 9. Ne2 O-O-O 10. O-O g5
11. g4 h5 12. Nh2 hxg4 13. hxg4 Qd7 14. Ng3 Qh7 15. Nh5 Bf7 16. Qf3 Bxh5 17. gxh5 Qxh5 18. Qxh5 Rxh5 19. f3 Nh6 20. Rf2 Bd6
21. Kf1 Rh8 22. Ke2 Nf7 23. Ng4 Be7 24. a3 Nh6 25. Nxh6 R8xh6 26. Raf1 Rh2 27. b4 b5 28. c4 Kb7 29. c5 R6h3 30. d4 exd4
31. Bxd4 Kc8 32. Ke1=
1/2-1/2

[Event "Christmas special"]
[Site "SchemingMind.com"]
[Date "2017.12.29"]
[Round "-"]
[White "Scooter"]
[Black "ray winteringham"]
[Result "1-0"]
[WhiteCountry "USA"]
[BlackCountry "ENG"]
[WhiteElo "1671"]
[WhiteRD "51"]
[BlackElo "1481"]
[BlackRD "50"]
[GameID "422564"]

1. d4 d5 2. Nf3 Nf6 3. Bf4 Bf5 4. e3 c6 5. Bd3 e6 6. Bxf5 exf5 7. O-O g6 8. Be5 Be7 9. Nbd2 O-O 10. c4 Nbd7
11. c5 b5 12. b4 a5 13. a3 a4 14. Bxf6 Bxf6 15. Rc1 Bg7 16. Re1 Nf6 17. Ne5 Rc8 18. Ndf3 Qc7 19. h3 h6 20. Qe2 Ne4
21. Qc2 Nf6 22. g4 fxg4 23. hxg4 Ne4 24. Kg2 Bxe5 25. Nxe5 Qe7 26. f3 Ng5 27. Rh1 Kg7 28. Rh2 Rh8 29. Rch1 Qf6 30. f4 Ne4
31. Qc1 Kf8 32. Rxh6 Kg7 33. Rxh8 Rxh8 34. Rxh8 Kxh8 35. Qh1+ Kg8 36. g5 Qh8 37. Qxh8+ Kxh8 38. Nxc6 Nd2 39. Na7 Nc4 40. c6 Nxe3+
41. Kf3 Nc4 42. c7 Nb6 43. c8=Q+ Nxc8 44. Nxc8 Kg8 45. Nd6 Kf8 46. Nxb5 Ke7 47. Nc3 Kd7 48. Nxd5 Kc6 49. Nc3 Kd6 50. Nxa4 Kd5
51. Ke3 Kc4 52. Nb2+ Kd5 53. b5
1-0

[Event "Christmas special"]
[Site "SchemingMind.com"]
[Date "2017.12.29"]
[Round "-"]
[White "ray winteringham"]
[Black "Wojtek26"]
[Result "1/2-1/2"]
[WhiteCountry "ENG"]
[BlackCountry "POL"]
[WhiteElo "1481"]
[WhiteRD "50"]
[BlackElo "1457"]
[BlackRD "52"]
[GameID "422565"]

1. e4 e5 2. Nf3 Nc6 3. Be2 Nf6 4. Nc3 d6 5. d3 Be7 6. h3 O-O 7. Be3 Bd7 8. Nd5 h6 9. c4 Qc8 10. b4 Nxd5
11. exd5 Nxb4 12. O-O f5 13. a3 Na6 14. Qc1 f4 15. Bd2 g5 16. Nh2 Nc5 17. Qd1 Ba4 18. Qb1 Nb3 19. Ra2 Nxd2 20. Rxd2 c6
21. Qb4 b5 22. dxc6 Qxc6 23. cxb5 Bxb5 24. Bf3 Qa6 25. Be2 Rab8 26. Qc3 Rbc8 27. Qa1 Rc7 28. Rfd1 Rfc8 29. Ng4 Kg7 30. Nxe5 Bf6
31. Qb1 dxe5 32. Bh5 Ba4 33. Re1 Qd6 34. d4 Be7 35. dxe5 Qxd2 36. Qg6+ Kh8 37. Qxh6+ Kg8 38. Qg6+ Kh8=
1/2-1/2

[Event "Christmas special"]
[Site "SchemingMind.com"]
[Date "2017.12.31"]
[Round "-"]
[White "Kenny Elliott"]
[Black "Mitch The Man"]
[Result "0-1"]
[WhiteCountry "USA"]
[BlackCountry "USA"]
[WhiteElo "1510"]
[WhiteRD "67"]
[BlackElo "1307"]
[BlackRD "58"]
[GameID "422607"]

1. d4 d5 2. c4 c6 3. Nc3 Be6 4. Nf3 dxc4 5. e4 Bc8 6. Bxc4 Qa5 7. Bd2 Qc7 8. Ne5 e6 9. Qf3 Nf6 10. Bg5 Be7
11. Qf4 O-O 12. O-O Nh5 13. Qh4 Bxg5 14. Qxg5 Nf6 15. b4 b5 16. Bb3 Na6 17. a3 h6 18. Qh4 Nd7 19. Ng4 Qf4 20. d5 Nf6
21. dxc6 Nxg4 22. Nxb5 Qg5 23. Qg3 Ne5 24. Qc3 Ng6 25. Nd6 Nc7 26. a4 Qe5 27. Qd2 a6 28. Rad1 Rd8 29. Qe3 Rxd6 30. Rxd6 Qxd6
31. Qb6 Ne5 32. Rd1 Qe7 33. Qd4 Nxc6 34. Qc4 Ne5 35. Qc1 Bb7 36. Qc2 Qxb4 37. h3 Bxe4 38. Qxc7 Qxb3 39. Rc1 Nd3 40. Rf1 Qxa4
41. Qg3 Rc8 42. h4 Bf5 43. Kh1 Nf4 44. Qf3 h5 45. Kh2 Bg6 46. Rg1 Rc4 47. g3 Nd3 48. Rd1 Rd4 49. Qe2 Qc4 50. Rd2 Re4
51. Qf3 Ne1 52. Rd8+ Kh7 53. Qa3 Qe2 54. Kg1 Nf3+ 55. Kg2 Ne1+ 56. Kg1 Nf3+ 57. Kg2 Nxh4+ 58. gxh4 Rg4+
0-1

[Event "Christmas special"]
[Site "SchemingMind.com"]
[Date "2017.12.30"]
[Round "-"]
[White "Mitch The Man"]
[Black "Phillip Beckett"]
[Result "0-1"]
[WhiteCountry "USA"]
[BlackCountry "ENG"]
[WhiteElo "1294"]
[WhiteRD "60"]
[BlackElo "1564"]
[BlackRD "49"]
[GameID "422608"]

1. e4 e5 2. Bc4 Nf6 3. Nc3 Nxe4 4. Nxe4 d5 5. Bd3 dxe4 6. Bxe4 Nc6 7. Bxc6+ bxc6 8. Ne2 Bd6 9. O-O O-O 10. h3 Ba6
11. Re1 Qh4 12. d3 f5 13. Rf1 f4 14. Kh2 f3 15. Ng3 fxg2 16. Kxg2 Bb7 17. Qg4 c5+ 18. f3 Qxg4 19. hxg4 Ba6 20. b3 Rf7
21. Ne4 Raf8 22. Nxd6 cxd6 23. Bd2 Bb7 24. Kg1 Rxf3 25. Rxf3 Rxf3 26. Ba5 Rg3+ 27. Kh2 Rxg4 28. Rg1 Rxg1 29. Kxg1 Kf7 30. Bc7 Ke6
31. Bb8 a6 32. c4 d5 33. Ba7 dxc4 34. dxc4 Be4 35. Bxc5 Bb1 36. a3 Ba2 37. b4 Bxc4 38. Kf2 Kf5 39. Ke3 h5
0-1

[Event "Christmas special"]
[Site "SchemingMind.com"]
[Date "2017.12.31"]
[Round "-"]
[White "Scooter"]
[Black "Mitch The Man"]
[Result "1-0"]
[WhiteCountry "USA"]
[BlackCountry "USA"]
[WhiteElo "1671"]
[WhiteRD "51"]
[BlackElo "1294"]
[BlackRD "60"]
[GameID "422609"]

1. e4 e5 2. Nf3 Bd6 3. Nc3 c6 4. Bc4 h6 5. O-O Ne7 6. Nh4 O-O 7. d3 Kh7 8. a3 Bc7 9. Be3 g6 10. Ne2 Qe8
11. Qd2 Ng8 12. Nf3 b5 13. Bb3 Bb6 14. Bxb6 axb6 15. Qe3 Qe7 16. Qxb6 d6 17. Qe3 Bg4 18. h3 Bxf3 19. Qxf3 Nd7 20. a4 Ndf6
21. axb5 Rxa1 22. Rxa1 cxb5 23. Nc3 Rb8 24. Ra5 b4 25. Nd5 Nxd5 26. Bxd5 Nf6 27. Qe3 Nxd5 28. Rxd5 Qc7 29. Qd2 f6 30. c4 Rb6
31. Qc2 Ra6 32. Rb5 Ra1+ 33. Kh2 Ra7 34. Rxb4 g5 35. Ra4 Rb7 36. b4 Qf7 37. b5 Qh5 38. Ra6 g4 39. Rxd6 gxh3 40. gxh3 Qh4
41. Qd2 Rf7 42. b6 Kg6 43. f3 Rb7 44. c5
1-0

[Event "Christmas special"]
[Site "SchemingMind.com"]
[Date "2017.12.30"]
[Round "-"]
[White "Mitch The Man"]
[Black "ray winteringham"]
[Result "0-1"]
[WhiteCountry "USA"]
[BlackCountry "ENG"]
[WhiteElo "1294"]
[WhiteRD "60"]
[BlackElo "1481"]
[BlackRD "50"]
[GameID "422610"]

1. e4 c5 2. Bc4 Nc6 3. Nf3 h6 4. c3 e5 5. O-O Be7 6. h3 Nf6 7. Qe2 a6 8. Bd3 d6 9. Bc2 Be6 10. d3 b5
11. Kh2 Nh5 12. Ng1 Qd7 13. Qxh5 g6 14. Qf3 O-O-O 15. Bb3 Rdf8 16. Bxe6 Qxe6 17. Na3 f5 18. exf5 Qd7 19. Qd5 Rxf5 20. g4 Rff8
21. Nc2 Bh4 22. Nf3 h5 23. Nxh4 hxg4 24. Kg3 Rf3+ 25. Nxf3 Rxh3+ 26. Kg2 gxf3+
0-1

[Event "Christmas special"]
[Site "SchemingMind.com"]
[Date "2018.01.01"]
[Round "-"]
[White "Mitch The Man"]
[Black "Wojtek26"]
[Result "1-0"]
[WhiteCountry "USA"]
[BlackCountry "POL"]
[WhiteElo "1307"]
[WhiteRD "58"]
[BlackElo "1426"]
[BlackRD "54"]
[GameID "422611"]

1. e4 e5 2. Bc4 Nf6 3. Nc3 Bb4 4. Qe2 O-O 5. Nd5 Ba5 6. Nxf6+ Qxf6 7. Nf3 Nc6 8. O-O d6 9. d3 Nd4 10. Nxd4 exd4
11. Rb1 Be6 12. Bxe6 fxe6 13. Bd2 Bxd2 14. Qxd2 e5 15. g3 Rf7 16. f3 Raf8 17. Kg2 b6 18. Qe2 Qg5 19. Rbd1 h5 20. h4 Qg6
21. Rf2 Qh6 22. Rdf1 g5 23. Rh1 gxh4 24. Rxh4 Qg5 25. Rf1 Rg7 26. Rh3 h4 27. g4 c5 28. a4 a5 29. Rfh1 Rh7 30. Qf2 Kg7
31. Rxh4 Rxh4 32. Rxh4 Qxh4 33. Qxh4
1-0

[Event "Christmas special"]
[Site "SchemingMind.com"]
[Date "2017.12.31"]
[Round "-"]
[White "Chessibelle"]
[Black "ray winteringham"]
[Result "0-1"]
[WhiteCountry "ENG"]
[BlackCountry "ENG"]
[WhiteElo "1069"]
[WhiteRD "60"]
[BlackElo "1481"]
[BlackRD "50"]
[GameID "422639"]

1. e4 e5 2. Nf3 Nc6 3. d3 Bc5 4. Be2 d5 5. Nc3 d4 6. Nb5 Bd7 7. O-O f6 8. Bd2 a6 9. Na3 Bxa3 10. bxa3 Nge7
11. c3 Be6 12. Qb1 b6 13. Re1 a5 14. Bc1 dxc3 15. a4 Nd4 16. Bd1 Qd7 17. Ba3 O-O 18. Qc1 c5 19. Qe3 c2 20. Be2 Qxa4
21. Bb2 Rac8 22. h3 Qb4 23. Bc1 Nxf3+ 24. Bxf3 Rfd8 25. Bd2 Qd4 26. Qe2 Qxd3 27. Bc1 Bc4 28. Bh5 Qxe2 29. Bxe2 Bxe2 30. Rxe2 Rd1+
31. Kh2 Rd4 32. Rxc2 Rxe4 33. f3 Rd4 34. Be3 Rd3 35. Bf2 Rcd8 36. Bg3 Rd2 37. Rcc1 R8d3 38. Rg1 Rxf3 39. a4 Rfd3 40. Rab1 Nd5
41. Bh4 g5 42. Bg3 Nc3 43. Rxb6 Kf7 44. Rb7+ Rd7 45. Rb6 Ra2 46. Rf1 Nd5 47. Rc6 Ke7 48. Rxc5 Rxa4 49. Kg1 Ra2 50. Kh2 Ne3
51. Re1 Nxg2 52. Re3 Nxe3+
0-1

[Event "Christmas special"]
[Site "SchemingMind.com"]
[Date "2017.12.31"]
[Round "-"]
[White "Chessibelle"]
[Black "Mitch The Man"]
[Result "1-0"]
[WhiteCountry "ENG"]
[BlackCountry "USA"]
[WhiteElo "1058"]
[WhiteRD "58"]
[BlackElo "1307"]
[BlackRD "58"]
[GameID "422640"]

1. e4 e5 2. Nf3 Nc6 3. d3 Be7 4. Be2 Bf6 5. O-O Nge7 6. Nbd2 O-O 7. c3 Ng6 8. g3 a6 9. a3 d6 10. b4 Bh3
11. Re1 b5 12. Bb2 Bg4 13. c4 bxc4 14. Nxc4 Bxf3 15. Bxf3 Qb8 16. Bg4 Nh8 17. Bf5 g6 18. Bd7 Ne7 19. Ba4 Bg7 20. Ne3 Qc8
21. Bb3 c6 22. Qg4 Qxg4 23. Nxg4 h5 24. Ne3 Bh6 25. Bc4 Bxe3 26. Rxe3 Kh7 27. f4 d5 28. Bb3 d4 29. Re2 exf4 30. gxf4 Rad8
31. Rf2 Rd7 32. Ba4 Rdd8 33. Bb3 Ng8 34. Rc1 Ne7 35. a4 Rg8 36. f5 g5 37. Rc4 f6 38. Rc5 Rg7 39. Ra5 Ra8 40. Kg2 Nf7
41. Bxd4 Ne5 42. Bc5 Nxd3 43. Rd2 Nxc5 44. Rxc5 Ra7 45. Rd3 Rc7 46. Rd6 g4 47. Rxf6 h4 48. Re5 Rd7 49. Kf2 Rd2+ 50. Ke1 Rxh2
51. Ree6 Rh1+ 52. Kd2 Rh2+ 53. Kc3 Rh3+ 54. Kc4 g3 55. Rh6+ Kg8 56. f6 Rf7 57. Kc5
1-0

[Event "Christmas special"]
[Site "SchemingMind.com"]
[Date "2018.01.01"]
[Round "-"]
[White "Chessibelle"]
[Black "Kenny Elliott"]
[Result "0-1"]
[WhiteCountry "ENG"]
[BlackCountry "USA"]
[WhiteElo "1069"]
[WhiteRD "60"]
[BlackElo "1562"]
[BlackRD "67"]
[GameID "422641"]

1. e4 c5 2. d3 d6 3. Nc3 Nf6 4. Nf3 Bg4 5. Be2 g6 6. O-O Bg7 7. h3 Bxf3 8. Bxf3 e5 9. g4 O-O 10. Ne2 Nc6
11. c4 Qd7 12. b3 a6 13. a3 h5 14. Bg5 Nxg4 15. Ng3 Nxf2 16. Kxf2 Nd4 17. Bg2 f5 18. Qd2 Nxb3 19. Qd1 Nxa1 20. Qxa1 fxe4+
21. Ke3 Rxf1 22. Qxf1 exd3 23. Qxd3 e4 24. Bxe4 Re8 25. Kd2 Qxh3 26. Bxg6 Qg2+ 27. Kc1 Re1+
0-1

[Event "Christmas special"]
[Site "SchemingMind.com"]
[Date "2017.12.31"]
[Round "-"]
[White "Phillip Beckett"]
[Black "Chessibelle"]
[Result "1-0"]
[WhiteCountry "ENG"]
[BlackCountry "ENG"]
[WhiteElo "1564"]
[WhiteRD "49"]
[BlackElo "1069"]
[BlackRD "60"]
[GameID "422642"]

1. d4 d5 2. c4 e6 3. Nc3 c6 4. cxd5 cxd5 5. Nf3 g6 6. Bg5 f6 7. Bd2 Nc6 8. e3 Nge7 9. Bb5 Bd7 10. O-O Nf5
11. a3 Bd6 12. Rc1 O-O 13. Na4 Bb8 14. Nc5 Be8 15. Nxe6 Qc8 16. Nxf8 Kxf8 17. Bxc6 bxc6 18. Bb4+ Kg7 19. h3 h6 20. Nh2 Qc7
21. Ng4 h5 22. g3 Nxg3 23. Qf3 Nf5 24. Qf4 Qb7 25. Qf3 Nh4 26. Qxf6+ Kh7 27. Qxh4 Qf7 28. Nf6+ Kg7 29. Nxe8+ Qxe8 30. Qe7+ Qf7
31. Qxf7+ Kxf7 32. Rxc6 a6 33. Rc8 Ke6 34. f4 Kf5 35. Bd6
1-0

[Event "Christmas special"]
[Site "SchemingMind.com"]
[Date "2017.12.31"]
[Round "-"]
[White "Chessibelle"]
[Black "Scooter"]
[Result "0-1"]
[WhiteCountry "ENG"]
[BlackCountry "USA"]
[WhiteElo "1069"]
[WhiteRD "60"]
[BlackElo "1671"]
[BlackRD "51"]
[GameID "422643"]

1. e4 c6 2. Nc3 d5 3. d4 dxe4 4. Nxe4 Bf5 5. f3 Bxe4 6. fxe4 Nf6 7. Bd2 Nxe4 8. Be3 g6 9. c3 e6 10. Bd3 Qh4+
11. Kf1 Ng3+ 12. hxg3 Qxh1 13. Qf3 Qh5 14. g4 Qd5 15. Be4 Qd8 16. Nh3 Bg7 17. Bg5 Qb6 18. b3 O-O 19. Be7 Re8 20. Bc5 Qc7
21. a4 Qh2 22. Ke2 Qc7 23. b4 Nd7 24. Ng5 f5 25. gxf5 exf5 26. Kd3 Rad8 27. Re1 Nxc5+ 28. bxc5 fxe4+ 29. Nxe4 Rf8 30. Qg4 Qd7
31. Qe2 Rf5 32. g3 Re8 33. g4 Rxc5 34. Qa2+ Rd5 35. Rg1 Kh8 36. Qh2 c5 37. Kc4 cxd4 38. Kb3 dxc3 39. Rh1 Bd4 40. Nf2 Bxf2
41. Qxf2 Qc7 42. Qf3 Qb6+ 43. Kxc3 Rc8#
0-1

[Event "Christmas special"]
[Site "SchemingMind.com"]
[Date "2018.01.01"]
[Round "-"]
[White "Wojtek26"]
[Black "Chessibelle"]
[Result "1-0"]
[WhiteCountry "POL"]
[BlackCountry "ENG"]
[WhiteElo "1426"]
[WhiteRD "54"]
[BlackElo "1058"]
[BlackRD "58"]
[GameID "422644"]

1. d4 d5 2. c4 e6 3. e3 Ne7 4. Nf3 Ng6 5. Be2 Ne7 6. O-O g6 7. c5 c6 8. Nc3 Bg7 9. Bd2 O-O 10. a3 Bd7
11. Ne5 Be8 12. f4 f5 13. b4 Nd7 14. h3 b6 15. Bf3 Nf6 16. Qb3 h6 17. Na4 Rb8 18. Be2 Ne4 19. Be1 Bf6 20. Bf3 Kg7
21. Bxe4 fxe4 22. Bg3 Rh8 23. Rf2 h5 24. Nc3 g5 25. fxg5 Bxg5 26. Ne2 Ng6 27. Nxg6 Rh6 28. Be5+ Kxg6 29. a4 Bd7 30. g3 h4
31. gxh4 Bxh4 32. Rg2+ Kh5 33. Qd1 Qf8 34. Nf4#
1-0

[Event "Christmas special"]
[Site "SchemingMind.com"]
[Date "2018.01.02"]
[Round "-"]
[White "Stephen Woodhouse"]
[Black "Mitch The Man"]
[Result "1-0"]
[WhiteCountry "ENG"]
[BlackCountry "USA"]
[WhiteElo "1821"]
[WhiteRD "63"]
[BlackElo "1294"]
[BlackRD "60"]
[GameID "422741"]

1. e4 d5 2. exd5 Qxd5 3. Nc3 Qe5+ 4. Be2 e6 5. Nf3 Qf6 6. O-O Bd6 7. Ne4 Qd8 8. Nxd6+ Qxd6 9. d4 Ne7 10. c4 O-O
11. Be3 b6 12. Ne5 c6 13. Bf3 Qd8 14. b4 Nf5 15. Nxc6 Nxc6 16. Bxc6 Nxe3 17. fxe3 Rb8 18. Qf3 Bd7 19. a3 Bc8 20. Rad1 Bd7
21. Bxd7 Qxd7 22. c5 b5 23. d5 e5 24. Qf5 Qxf5 25. Rxf5 f6 26. Rdf1 e4 27. g4 Rfd8 28. d6 Rbc8 29. R1f4 h6 30. Rxe4 Kh7
31. Re7 Rg8 32. Rxf6
1-0

[Event "Christmas special"]
[Site "SchemingMind.com"]
[Date "2018.01.01"]
[Round "-"]
[White "Stephen Woodhouse"]
[Black "Kenny Elliott"]
[Result "1-0"]
[WhiteCountry "ENG"]
[BlackCountry "USA"]
[WhiteElo "1821"]
[WhiteRD "63"]
[BlackElo "1562"]
[BlackRD "67"]
[GameID "422742"]

1. e4 c5 2. c3 d6 3. d4 cxd4 4. cxd4 Nf6 5. Nc3 g6 6. f4 Bg7 7. Nf3 Bg4 8. Be2 O-O 9. O-O Qb6 10. Kh1 Bxf3
11. Bxf3 Nc6 12. d5 Nd4 13. Be3 Qxb2 14. Bxd4 Qa3 15. Qb3 Qxb3 16. axb3 b6 17. Rfc1 Rfe8 18. Nb5 Rec8 19. Rc6 Ne8 20. Bxg7 Kxg7
21. Rac1 Rxc6 22. dxc6 a6 23. Nd4 Nc7 24. Kg1 h5 25. Kf2 Rf8 26. Nc2 b5 27. Nb4 a5 28. Nd5 Nxd5 29. exd5 Rc8 30. c7 Kf8
31. Be2 e6 32. dxe6 fxe6 33. Bxb5 Ke7 34. Ba6
1-0

[Event "Christmas special"]
[Site "SchemingMind.com"]
[Date "2018.01.01"]
[Round "-"]
[White "Phillip Beckett"]
[Black "Stephen Woodhouse"]
[Result "0-1"]
[WhiteCountry "ENG"]
[BlackCountry "ENG"]
[WhiteElo "1564"]
[WhiteRD "49"]
[BlackElo "1821"]
[BlackRD "63"]
[GameID "422743"]

1. d4 e6 2. c4 f5 3. Nc3 Nf6 4. Bg5 Be7 5. e3 b6 6. Nf3 O-O 7. Bd3 Bb7 8. Qe2 Ne4 9. Bxe7 Qxe7 10. O-O d6
11. Qc2 Nxc3 12. bxc3 Nd7 13. Ne1 g6 14. f4 Nf6 15. Nf3 Ne4 16. Nd2 Nxd2 17. Qxd2 Rae8 18. Be2 e5 19. Rae1 exf4 20. exf4 Qe3+
21. Qxe3 Rxe3 22. Bf3 Rxe1 23. Rxe1 Bxf3 24. gxf3 Rf6 25. Re7 Rf7 26. Rxf7 Kxf7 27. Kf2 Ke6 28. Ke3= d5 29. Kd3 c6 30. a4 Kd6
31. cxd5 Kxd5 32. c4+ Kd6 33. Kc3 a6 34. Kb3 b5 35. axb5 axb5 36. cxb5 cxb5 37. Kb4 Kd5 38. Kxb5 Kxd4 39. Kc6 Ke3 40. Kd5 Kxf4
41. Ke6 Kxf3
0-1

[Event "Christmas special"]
[Site "SchemingMind.com"]
[Date "2018.01.01"]
[Round "-"]
[White "Stephen Woodhouse"]
[Black "Scooter"]
[Result "1-0"]
[WhiteCountry "ENG"]
[BlackCountry "USA"]
[WhiteElo "1821"]
[WhiteRD "63"]
[BlackElo "1671"]
[BlackRD "51"]
[GameID "422744"]

1. e4 c6 2. d4 d5 3. e5 Bf5 4. Nf3 e6 5. Be2 Nd7 6. O-O c5 7. c4 Bxb1 8. Rxb1 cxd4 9. cxd5 exd5 10. Qxd4 Ne7
11. Bg5 g6 12. e6
1-0

[Event "Christmas special"]
[Site "SchemingMind.com"]
[Date "2018.01.02"]
[Round "-"]
[White "ray winteringham"]
[Black "Stephen Woodhouse"]
[Result "0-1"]
[WhiteCountry "ENG"]
[BlackCountry "ENG"]
[WhiteElo "1481"]
[WhiteRD "50"]
[BlackElo "1821"]
[BlackRD "63"]
[GameID "422745"]

1. e4 e6 2. d4 d5 3. e5 c5 4. c3 Nc6 5. Nf3 Bd7 6. Be2 Nge7 7. O-O Ng6 8. Be3 cxd4 9. cxd4 Qb6 10. Qd2 Rc8
11. b3 Be7 12. Qd1 O-O 13. Qd3 Nb4 14. Qd2 Nc2 15. Nc3 Nxa1 16. Rxa1 Bb4 17. Rc1 Qa5 18. Qb2 Bxc3 19. Rxc3 Qxc3 20. Qxc3 Rxc3
21. h3 Rc2 22. Kf1 Rxa2
0-1